000 00330 a2200157 4500
001 62874
020 _a9788576764243
040 _cAnchieta - Pituba
100 _aMelis, Alberto
240 1 0 _aO Ășltimo Yeti
_lpor
245 1 0 _aO Ășltimo Yeti
300 _a179
362 0 _a2011
650 4 _aLiteratura juvenil
942 _cBK
999 _c62874
_d62874